• 首页
  • 本馆介绍
  • 公告通知
  • 最新文献
  • 馆藏检索
  • 电子资源
  • 读者导购
  • 参考咨询
  • 我的图书馆
  • 登录
  • 详细信息显示
  • 放入我的书架
  • 预约/预借图书
  • 作者相关作品
  • 分类相关作品
  • 丛书相关作品
  • 出版社相关作品

书目信息

  • 表格格式
  • 工作单格式
  • 卡片格式
题名:
工业心理学
    
 
作者: 朱祖祥 著
分册:  
出版信息: 杭州   浙江教育出版社  2001
页数: 24,772页
开本: 23cm
丛书名: 世纪心理学丛书
单 册:
中图分类: F406.13
科图分类:
主题词: 工业心理学
电子资源:
ISBN: 7-5338-2349-4
000 00955oam2 2200265 450
001 1571716250
005 20150124195804.23
010    @a7-5338-2349-4@b精装@dCNY68.00
100    @a20010828d2001 em y0chiy0110 ea
101 0  @achi
102    @aCN@b110000
105    @aa z 000yy
200 1  @a工业心理学@9gong ye xin li xue@f朱祖祥著
210    @a杭州@c浙江教育出版社@d2001
215    @a24,772页@c图@d23cm
225 2  @a世纪心理学丛书@v17
305    @a台湾东华书局授权出版
314    @a朱祖祥,浙江大学心理学系教授、博士生导师、浙江省心理学会理事长。著有《工业心理学》。
330    @a本书包括:工业心理学导论、工业心理学的研究方法、工业心理学的生理学基础、工业心理学的心理学基础——人的信息加工、企业中人力资源的开发和利用、职工培训等二十二章。
461  0 @12001 @a世纪心理学丛书
606 0  @a工业心理学
690    @aF406.13@v5
701  0 @a朱祖祥@9zhu zu xiang@f(1927.11~)@4著
801  0 @aCN@bTSSF@c20150115
905    @aZUCC@dF406.13@eJY3
    
    工业心理学/朱祖祥著.-杭州:浙江教育出版社,2001
    24,772页:图;23cm.-(世纪心理学丛书;17)
    
    
    ISBN 7-5338-2349-4(精装):CNY68.00
    本书包括:工业心理学导论、工业心理学的研究方法、工业心理学的生理学基础、工业心理学的心理学基础——人的信息加工、企业中人力资源的开发和利用、职工培训等二十二章。
●
相关链接 在E读中查询图书 在五车中查询图书 在当当中查询图书 在豆瓣中查询图书


正题名:工业心理学     索取号:F406.13/JY3         预约/预借

序号 登录号 条形码 馆藏地/架位号 状态 备注
1 7846069   278460693   学院路分馆/ [索取号:F406.13/JY3] 在馆    
唐山师范学院图书馆 欢迎您!
大连网信软件有限公司© 版权所有